| 000 | 01986nam a22002177a 4500 | ||
|---|---|---|---|
| 005 | 20260703123432.0 | ||
| 008 | 260703b |||||||| |||| 00| 0 eng d | ||
| 020 | _a9788386631817 | ||
| 040 | _cAL | ||
| 041 | _akan | ||
| 082 |
_aK894.109 _bBASR |
||
| 100 |
_aBasavaraju L _9266209 |
||
| 100 |
_9266207 _dಎಲ್ ಬಸವರಾಜು |
||
| 245 |
_aRannana sarala gadayuddha _b: ರನ್ನನ ಸರಳ ಗದಾಯುದ್ಧ |
||
| 260 |
_aBengaluru _bSapna Book House _c2025 |
||
| 300 |
_axxiii,304p _bPB _c21.5x14cm |
||
| 365 |
_2Kannada _aAM-000007 _b₹224.00 _c₹ _d₹280.00 _e20% _f11-05-2026 |
||
| 520 | _aರನ್ನನ ಸರಳ ಗದಾಯುದ್ಧ ವ್ಯಾಖ್ಯಾನ ಸಹಿತ / Rannana Sarala Gadayuddha Vyakhyana Sahita – ಡಾ. ಎಲ್. ಬಸವರಾಜು ಅವರು ಬರೆದಿರುವ “ರನ್ನನ ಸರಳ ಗದಾಯುದ್ಧ: ವ್ಯಾಖ್ಯಾನ ಸಹಿತ” ಎಂಬ ಶೀರ್ಷಿಕೆಯ ಪುಸ್ತಕವು ಲಭ್ಯವಿದೆ. ಈ ಪುಸ್ತಕವು ಮಹಾಕವಿ ರನ್ನನ ಶ್ರೇಷ್ಠ ಕಾವ್ಯವಾದ ‘ಸಾಹಸಭೀಮ ವಿಜಯಂ’ ಅಥವಾ ‘ಗದಾಯುದ್ಧ’ ಕಾವ್ಯದ ಸರಳೀಕೃತ ಗದ್ಯಾನುವಾದ ಮತ್ತು ವ್ಯಾಖ್ಯಾನವಾಗಿದೆ. ಇದು ಹಳಗನ್ನಡ ಕಾವ್ಯವಾದ ರನ್ನನ ‘ಗದಾಯುದ್ಧ’ದ ಸರಳವಾದ ವಿವರಣೆ ಮತ್ತು ಅರ್ಥವಿವರಣೆಯನ್ನು (ವ್ಯಾಖ್ಯಾನ ಸಹಿತ) ಒಳಗೊಂಡಿದೆ. ಹಳಗನ್ನಡದ ಪ್ರಭುತ್ವವಿರುವ ಬಸವರಾಜು ಅವರು ಕಾವ್ಯವನ್ನು ಸಾಮಾನ್ಯ ಓದುಗರಿಗೆ ಸುಲಭವಾಗಿ ಅರ್ಥವಾಗುವಂತೆ ನಿರೂಪಿಸಿದ್ದಾರೆ. | ||
| 650 |
_aKannada Criticism _9266208 |
||
| 942 |
_2ddc _cBK |
||
| 999 |
_c241548 _d241548 |
||